Guess the Pokémon described badly - Statistics

General Stats
  • This quiz has been taken 56 times
  • The average score is 3 of 10
Answer Stats
Description Answer % Correct
Mufasa if it was inhell Pyroar
60%
Iron bird with a wrenchas a tail and a shark fin on the head Skarmory
52%
Dinosaur with wheels onits chest and noodles on its head Koraidon
43%
A long green snakey withantennas Rayquaza
31%
An aeroplane whalething with a mermaid tail Kyogre
24%
An onion-wielding dinosaur i would definitely pet Bulbasaur
17%
An oval with a Mario nose Diglett
17%
The thing that would come out from under my bed and kill me Mr. Mime
12%
A futuristic neon buffalowith an weird axe head Iron Boulder
7%
The most absurdly weird,uncomfortable and unwatchable thing i've ever seen Rellor
0%
No matching quizzes found
Score Distribution
Percent of People with Each Score
Percentile by Number Answered
Your Score History
You have not taken this quiz